[Event "BCF-chT4S 2324 (4NCL)"]
[Site "England"]
[Date "2023.11.18"]
[Round "1.64"]
[White "Michener, Max"]
[Black "McMenamin, Danny"]
[Result "1/2-1/2"]
[WhiteElo "1549"]
[BlackElo "1881"]
[PlyCount "82"]
[EventDate "2024.02.11"]
[EventType "team-swiss"]
[EventRounds "11"]
[EventCountry "ENG"]
[SourceTitle "EXT 2025"]
[Source "ChessBase"]
[SourceDate "2024.10.14"]
[SourceVersion "1"]
[SourceVersionDate "2024.10.14"]
[SourceQuality "1"]
[WhiteTeam "Barnet Knights III"]
[BlackTeam "Lancaster"]
[WhiteTeamCountry "ENG"]
[BlackTeamCountry "ENG"]

1. e4 c5 2. c3 d5 3. e5 Nc6 4. d4 Qb6 5. Nf3 Bg4 6. dxc5 Qxc5 7. Be3 Qa5 8. b4 Qd8 9. Bb5 a6 10. Bxc6+ bxc6 11. Nbd2 g6 12. Qa4 Bd7 13. Qb3 e6 14. 0-0 Rb8 15. Qc2 c5 16. bxc5 Qc7 17. Nb3 Ba4 18. Rfd1 Ne7 19. Rd4 Bb5 20. a4 Bc4 21. Nfd2 Nf5 22. Rf4 Nxe3 23. fxe3 Qxe5 24. Re1 Bxb3 25. Nxb3 Be7 26. Re2 0-0 27. c6 Rb6 28. Nd4 Qc7 29. Qd3 Bd6 30. Rh4 Be5 31. a5 Bxd4 32. axb6 Bxb6 33. Qxa6 Qxc6 34. Qd3 Rc8 35. Rb4 Ba5 36. Rb3 Bxc3 37. Rc2 d4 38. Kf1 Qa4 39. Rb1 e5 40. exd4 exd4 41. Kg1 Re8 1/2-1/2